Obchodné a ekologické predpoklady zvyšovania konkurencieschopnosti v chove oviec v SR

Salvato in:
Dettagli Bibliografici
Autore principale: Hambalková, Mária
Altri autori: Hudáková, Ivana, 1976-
Natura: Capitolo di libro
Lingua:slovacco
Tags: Aggiungi Tag
Nessun Tag, puoi essere il primo ad aggiungerne!!

MARC

LEADER 00000nla$a2200000$$$4500
001 0060868
005 20240502071657.9
041 0 |a slo 
044 |a SK 
245 1 0 |a Obchodné a ekologické predpoklady zvyšovania konkurencieschopnosti v chove oviec v SR  |c Mária Hambalková, Ivana Hudáková 
100 1 |a Hambalková, Mária 
700 1 |a Hudáková, Ivana, 1976-